<?xml version="1.0" encoding="UTF-8"?>
<record
    xmlns:xsi="http://www.w3.org/2001/XMLSchema-instance"
    xsi:schemaLocation="http://www.loc.gov/MARC21/slim http://www.loc.gov/standards/marcxml/schema/MARC21slim.xsd"
    xmlns="http://www.loc.gov/MARC21/slim">

  <leader>01075    a2200205   4500</leader>
  <controlfield tag="001">54554</controlfield>
  <controlfield tag="005">20260407155819.0</controlfield>
  <controlfield tag="008">260407a1951    arg                 spa d</controlfield>
  <controlfield tag="003">AR-UNSa-BCEJYS</controlfield>
  <datafield tag="040" ind1=" " ind2=" ">
    <subfield code="a">AR-UNSa-BCEJYS</subfield>
    <subfield code="b">spa</subfield>
    <subfield code="c">AR-UNSa-BCEJYS</subfield>
  </datafield>
  <datafield tag="080" ind1=" " ind2=" ">
    <subfield code="a">330.101.8</subfield>
    <subfield code="x">Clasificaci&#xF3;n y subdivisiones de la econom&#xED;a. Te&#xF3;rica, pr&#xE1;ctica. Pura, aplicada. General, especial. Relaci&#xF3;n de la econom&#xED;a con la teor&#xED;a de la econom&#xED;a pol&#xED;tica. Interrelaciones de econom&#xED;a pol&#xED;tica, econom&#xED;a privada, econom&#xED;a de la empresa (econom&#xED;a comercial). Relaci&#xF3;n de la econom&#xED;a pol&#xED;tica general y especial. Econom&#xED;a sectorial</subfield>
  </datafield>
  <datafield tag="245" ind1="1" ind2="0">
    <subfield code="a">Managerial economics</subfield>
  </datafield>
  <datafield tag="264" ind1=" " ind2="1">
    <subfield code="a">New Jersey :</subfield>
    <subfield code="b">Prentice-Hall</subfield>
    <subfield code="c">1951</subfield>
  </datafield>
  <datafield tag="300" ind1=" " ind2=" ">
    <subfield code="a">xiv, 621 p.</subfield>
    <subfield code="c">23 cm.</subfield>
  </datafield>
  <datafield tag="505" ind1=" " ind2=" ">
    <subfield code="a">1. Profits &#x2013; 2. Competition &#x2013; 3. Multiple products &#x2013; 4. Demand analysis &#x2013; 5. Cost &#x2013; 6. Advertising &#x2013; 7. Basic Price &#x2013; 8. Procut line pricing &#x2013; 9. Price diferentials &#x2013; 10. Capital budgeting. </subfield>
  </datafield>
  <datafield tag="041" ind1=" " ind2=" ">
    <subfield code="a">spa</subfield>
  </datafield>
  <datafield tag="942" ind1=" " ind2=" ">
    <subfield code="c">BK</subfield>
  </datafield>
  <datafield tag="590" ind1=" " ind2=" ">
    <subfield code="a">niveau_biblio:m niveau_hierar:0</subfield>
  </datafield>
  <datafield tag="100" ind1="1" ind2=" ">
    <subfield code="a">Dean, Joel</subfield>
  </datafield>
  <datafield tag="999" ind1=" " ind2=" ">
    <subfield code="c">5634</subfield>
    <subfield code="d">5634</subfield>
  </datafield>
  <datafield tag="952" ind1=" " ind2=" ">
    <subfield code="0">0</subfield>
    <subfield code="1">0</subfield>
    <subfield code="4">0</subfield>
    <subfield code="7">0</subfield>
    <subfield code="a">BCEJYS</subfield>
    <subfield code="b">BCEJYS</subfield>
    <subfield code="c">16</subfield>
    <subfield code="d">2026-04-07</subfield>
    <subfield code="l">0</subfield>
    <subfield code="o">330.101.8 D281</subfield>
    <subfield code="p">L21291</subfield>
    <subfield code="r">2026-04-07 15:58:19</subfield>
    <subfield code="w">2026-04-07</subfield>
    <subfield code="y">L</subfield>
  </datafield>
</record>
